| 000 | 00424nam a2200145 a 4500 | ||
|---|---|---|---|
| 001 | 000032654 | ||
| 005 | 20200930065746.0 | ||
| 008 | 110725s1926 dr 000 0 spa d | ||
| 040 |
_aDO-SdBNP _bspa _cBNPHU |
||
| 100 | 1 |
_aLlaverías, Federico _910157 |
|
| 245 | 1 | 0 |
_aMi labor pro faro de Colón / _cFederico Llaverías. |
| 260 |
_aSanto Domingo : _bImprenta Nuevo Diario, _c1926. |
||
| 300 |
_a21 p. ; _c22 cm. |
||
| 049 | _aBNPD | ||
| 999 |
_c32145 _d32145 |
||